Elektrické a optické káble. Skúšobné metódy pre nekovové materiály : Časť 100: Všeobecne. STN EN 60811-100
Gespeichert in:
| Format: | Buch |
|---|---|
| Sprache: | Slowakisch |
| Veröffentlicht: |
Bratislava :
Slovenský ústav technickej normalizácie,
2013
|
| Tags: |
Keine Tags, Fügen Sie das erste Tag hinzu!
|
MARC
| LEADER | 00000nam a22000003a 4500 | ||
|---|---|---|---|
| 001 | 0140631 | ||
| 003 | SK-STU | ||
| 005 | 20260324125646.7 | ||
| 007 | ta | ||
| 008 | 260324s ----xo-----e------000-0-----d | ||
| 040 | |a STU |b slo | ||
| 041 | 0 | |a slo | |
| 044 | |a xo | ||
| 245 | 1 | 0 | |a Elektrické a optické káble. Skúšobné metódy pre nekovové materiály : |b Časť 100: Všeobecne. STN EN 60811-100 |
| 260 | |a Bratislava : |b Slovenský ústav technickej normalizácie, |c 2013 | ||
| 300 | |a 12 s. | ||
| 996 | |b 284EO00701 |c E*O- 701 |l EE32 |s P |a 0 |w 0140631_0001 | ||